[Event "FRA-ch Blitz Online Qual"]
[Site "Europe Echecs INT"]
[Date "2020.05.16"]
[Round "14"]
[White "Ludwiczak, Virginie"]
[Black "Sere, Nicolas"]
[Result "1-0"]
[WhiteElo "1875"]
[BlackElo "1753"]
[PlyCount "90"]
[EventDate "2020.05.16"]
[EventType "swiss (blitz)"]
[EventRounds "15"]
[EventCountry "FRA"]
[SourceTitle "CBM 196 Extra"]
[Source "ChessBase"]
[SourceDate "2020.07.31"]
[SourceVersion "1"]
[SourceVersionDate "2020.07.31"]
[SourceQuality "1"]

1. c4 e5 2. Nc3 Nf6 3. g3 d5 4. cxd5 Nxd5 5. Bg2 Nb6 6. d3 Nc6 7. Nf3 Be7 8. 0-0 0-0 9. Rb1 Be6 10. a3 a5 11. Be3 f6 12. Ne4 Nd4 13. Bxd4 exd4 14. Rc1 c6 15. Qc2 Qd7 16. Nc5 Bxc5 17. Qxc5 Qc7 18. Nxd4 Bf7 19. Nb5 Qd8 20. Nd6 Qc7 21. Nxf7 Rxf7 22. b3 Re7 23. e3 a4 24. b4 Rd8 25. Rfd1 Nd7 26. Qc4+ Kh8 27. d4 Nb6 28. Qc2 Qd7 29. Qe2 f5 30. Qd3 g6 31. Rc5 Nd5 32. Bxd5 cxd5 33. Rdc1 Qd6 34. Qb5 Qd7 35. Qxd7 Rexd7 36. b5 b6 37. Rc6 Rd6 38. Kf1 Kg7 39. Ke2 Kf6 40. f3 Ke6 41. Kd3 Kd7 42. Rc7+ Ke6 43. Rxh7 R8d7 44. Rxd7 Rxd7 45. Rc6+ Ke7 1-0

[Event "FRA-ch Blitz Online Qual"]
[Site "Europe Echecs INT"]
[Date "2020.05.16"]
[Round "15"]
[White "Sere, Nicolas"]
[Black "Zanin, Clement"]
[Result "1-0"]
[WhiteElo "1753"]
[BlackElo "1327"]
[PlyCount "93"]
[EventDate "2020.05.16"]
[EventType "swiss (blitz)"]
[EventRounds "15"]
[EventCountry "FRA"]
[SourceTitle "CBM 196 Extra"]
[Source "ChessBase"]
[SourceDate "2020.07.31"]
[SourceVersion "1"]
[SourceVersionDate "2020.07.31"]
[SourceQuality "1"]

1. e4 e5 2. Nf3 Nc6 3. Bb5 a6 4. Ba4 Bc5 5. c3 Nf6 6. 0-0 d6 7. d4 exd4 8. cxd4 Bb4 9. a3 b5 10. axb4 bxa4 11. Nc3 Nxb4 12. Qxa4+ Bd7 13. Qxb4 0-0 14. Bg5 h6 15. Bh4 c6 16. e5 dxe5 17. dxe5 Nd5 18. Bxd8 Nxb4 19. Be7 Nc2 20. Bxf8 Nxa1 21. Rxa1 Rxf8 22. Rxa6 Rb8 23. Nd4 Rxb2 24. h3 c5 25. Ndb5 Bxb5 26. Nxb5 Rxb5 27. Rc6 c4 28. f4 Rb1+ 29. Kf2 Rc1 30. Ke2 c3 31. Kd3 Rg1 32. Rxc3 Rxg2 33. Ke4 Rf2 34. Rg3 Re2+ 35. Kf5 g6+ 36. Kf6 Ra2 37. Rd3 Ra7 38. Rd8+ Kh7 39. Rf8 Ra6+ 40. Kxf7 Ra7+ 41. Kf6 Ra6+ 42. e6 Ra4 43. Rf7+ Kg8 44. Kxg6 Ra6 45. f5 Rd6 46. Rd7 Ra6 47. Rd8# 1-0

[Event "Sautron op 19th"]
[Site "Sautron"]
[Date "2019.10.19"]
[Round "1.6"]
[White "Duboue, Peio"]
[Black "Sere, Nicolas"]
[Result "1-0"]
[WhiteElo "2420"]
[BlackElo "1711"]
[PlyCount "95"]
[EventDate "2019.12.10"]
[EventType "swiss"]
[EventRounds "9"]
[EventCountry "FRA"]
[SourceTitle "EXT 2022"]
[Source "ChessBase"]
[SourceDate "2021.10.06"]
[SourceVersion "1"]
[SourceVersionDate "2021.10.06"]
[SourceQuality "1"]

1. d4 Nf6 2. Bf4 g6 3. e3 Bg7 4. h3 d6 5. Nf3 0-0 6. Be2 c5 7. c3 b6 8. 0-0 Bb7 9. Nbd2 Nbd7 10. Bh2 Qc7 11. a4 e5 12. a5 e4 13. Ne1 Rad8 14. axb6 axb6 15. Ra7 Ra8 16. Rxa8 Rxa8 17. Nc2 Qc6 18. Na3 d5 19. Nb3 Ba6 20. c4 dxc4 21. Nxc4 Bxc4 22. Bxc4 b5 23. Be2 c4 24. Nd2 Nb6 25. Qc2 Ra2 26. Qb1 Qa8 27. Rc1 c3 28. bxc3 Rxd2 29. Bxb5 Qa3 30. c4 Rb2 31. Bd6 Rxb1 32. Bxa3 Rxc1+ 33. Bxc1 Bf8 34. Bd2 Be7 35. Ba5 Nbd7 36. f3 exf3 37. gxf3 Kf8 38. e4 Nb8 39. c5 Ne8 40. Bb6 Bg5 41. c6 Bf4 42. e5 Nxc6 43. Bxc6 Ke7 44. Kf2 Ng7 45. Ke2 Nf5 46. Kd3 Bg3 47. Bc5+ Ke6 48. Ke4 1-0

[Event "Sautron op 19th"]
[Site "Sautron"]
[Date "2019.10.19"]
[Round "9.15"]
[White "Famel, Edouard"]
[Black "Sere, Nicolas"]
[Result "1-0"]
[WhiteElo "1940"]
[BlackElo "1711"]
[PlyCount "45"]
[EventDate "2019.12.10"]
[EventType "swiss"]
[EventRounds "9"]
[EventCountry "FRA"]
[SourceTitle "EXT 2022"]
[Source "ChessBase"]
[SourceDate "2021.10.06"]
[SourceVersion "1"]
[SourceVersionDate "2021.10.06"]
[SourceQuality "1"]

1. d4 Nf6 2. c4 c5 3. d5 e6 4. Nc3 exd5 5. cxd5 g6 6. e4 d6 7. Bd3 Bg7 8. Nge2 0-0 9. 0-0 Na6 10. h3 Nc7 11. a4 a6 12. Bg5 Rb8 13. Qd2 b5 14. axb5 axb5 15. Bh6 Nd7 16. Bxg7 Kxg7 17. f4 b4 18. Nd1 Nb6 19. Ne3 Bd7 20. f5 f6 21. Nf4 g5 22. Ne6+ Bxe6 23. fxe6 1-0

[Event "Sautron op 19th"]
[Site "Sautron"]
[Date "2019.10.19"]
[Round "5.21"]
[White "Genereau, Thierry"]
[Black "Sere, Nicolas"]
[Result "1-0"]
[WhiteElo "1849"]
[BlackElo "1711"]
[PlyCount "85"]
[EventDate "2019.12.10"]
[EventType "swiss"]
[EventRounds "9"]
[EventCountry "FRA"]
[SourceTitle "EXT 2022"]
[Source "ChessBase"]
[SourceDate "2021.10.06"]
[SourceVersion "1"]
[SourceVersionDate "2021.10.06"]
[SourceQuality "1"]

1. c4 e5 2. Nc3 Nf6 3. Nf3 Nc6 4. e3 Be7 5. d4 exd4 6. exd4 d5 7. c5 0-0 8. Bb5 Bd7 9. 0-0 Nb8 10. Bf4 c6 11. Bd3 b6 12. b4 Bg4 13. h3 Bxf3 14. Qxf3 a5 15. a3 b5 16. g4 Na6 17. Rab1 Nc7 18. g5 Nd7 19. h4 Ne6 20. Be3 g6 21. Qg4 Ng7 22. Ne2 f5 23. Qh3 axb4 24. axb4 Ra3 25. Nf4 Re8 26. Bc1 Ra2 27. Kg2 Nf8 28. Rh1 Nge6 29. Nxe6 Nxe6 30. h5 Nf8 31. hxg6 hxg6 32. Bxf5 gxf5 33. Qh8+ Kf7 34. g6+ Nxg6 35. Qh7+ Ke6 36. Qxg6+ Kd7 37. Qxf5+ Kc7 38. Bf4+ Kb7 39. Rh7 Ka8 40. Qe6 Ra6 41. Re1 Rg8+ 42. Bg3 Bh4 43. Qxc6+ 1-0